[Event "Regionalliga SW 1213"]
[Site "Bayern"]
[Date "2013.04.14"]
[Round "9.5"]
[White "Hopp, Guenter"]
[Black "Bilchinski, Anton"]
[Result "1/2-1/2"]
[WhiteElo "1905"]
[BlackElo "2015"]
[PlyCount "86"]
[EventDate "2012.10.14"]
[EventType "team-tourn"]
[EventRounds "9"]
[EventCountry "GER"]
[SourceTitle "EXT 2015"]
[Source "ChessBase"]
[SourceDate "2014.11.20"]
[SourceVersion "1"]
[SourceVersionDate "2014.11.20"]
[SourceQuality "1"]
[WhiteTeam "MSA Zugzwang II"]
[BlackTeam "Goeggingen"]
[WhiteTeamCountry "GER"]
[BlackTeamCountry "GER"]

1. d4 Nf6 2. c4 e6 3. Nf3 b6 4. g3 Ba6 5. b3 Bb4+ 6. Bd2 Be7 7. Bc3 Bb7 8. Bg2 0-0 9. Nbd2 Ne4 10. Nxe4 Bxe4 11. 0-0 Bf6 12. Rc1 Na6 13. Ne5 Bxg2 14. Kxg2 d5 15. e3 Bxe5 16. dxe5 dxc4 17. bxc4 Qxd1 18. Rfxd1 Rfd8 19. Rd4 Kf8 20. Rcd1 Ke7 21. Kf3 c5 22. Rd6 Nc7 23. a4 Ne8 24. R6d2 Rxd2 25. Rxd2 Rd8 26. a5 Rxd2 27. Bxd2 Nc7 28. axb6 axb6 29. Ke4 Kd7 30. Kd3 Kc6 31. e4 b5 32. cxb5+ Kxb5 33. g4 Na6 34. h4 Nb4+ 35. Kc3 c4 36. Be3 Nd3 37. Bd4 Nc5 38. f3 Na4+ 39. Kc2 Kb4 40. Be3 c3 41. Bf2 Kc4 42. Be1 Kd4 43. Bf2+ Kc4 1/2-1/2

[Event "Bad Woerishofen op 16th"]
[Site "Bad Woerishofen"]
[Date "2000.03.20"]
[Round "4"]
[White "Hopp, Guenter"]
[Black "Riegler, Dieter"]
[Result "1/2-1/2"]
[WhiteElo "1850"]
[BlackElo "2188"]
[PlyCount "84"]
[EventDate "2000.03.??"]
[EventType "swiss"]
[EventRounds "9"]
[EventCountry "GER"]
[SourceTitle "CBM 075 Extra"]
[Source "ChessBase"]
[SourceDate "2000.05.11"]
[SourceVersion "2"]
[SourceVersionDate "2000.05.11"]
[SourceQuality "1"]

1. d4 Nf6 2. c4 g6 3. Nc3 Bg7 4. e4 d6 5. Be2 0-0 6. Bg5 Na6 7. Qc1 e5 8. d5 Qe8 9. Bd1 Nc5 10. Bc2 a5 11. Nge2 Bd7 12. 0-0 Nh5 13. Ng3 Nxg3 14. fxg3 f6 15. Be3 b6 16. Qd2 Rf7 17. h3 h5 18. Rf2 Qe7 19. Raf1 Raf8 20. Nb5 Qd8 21. b3 Nb7 22. Rf3 Kh7 23. Nc3 Qe8 24. Bd3 Nc5 25. Bc2 f5 26. Bg5 fxe4 27. Rxf7 Rxf7 28. Rxf7 Qxf7 29. Bxe4 Bf5 30. Qe3 Bxe4 31. Nxe4 Nxe4 32. Qxe4 Bh6 33. Bxh6 Kxh6 34. Qe3+ Kg7 35. Qf3 Qf5 36. Kf2 Qc2+ 37. Qe2 Qxe2+ 38. Kxe2 Kf6 39. Kf3 Kf5 40. Ke3 g5 41. Kf3 g4+ 42. Ke3 Kf6 1/2-1/2